The heartbeat of evangelism. (Record no. 10564)

000 -LEADER
fixed length control field 00537nam a2200181 a 4500
001 - CONTROL NUMBER
control field :::00008353$&:&@@
003 - CONTROL NUMBER IDENTIFIER
control field OkBaRHE
005 - DATE AND TIME OF LATEST TRANSACTION
control field 20000607103343.0
008 - FIXED-LENGTH DATA ELEMENTS--GENERAL INFORMATION
fixed length control field s1985 j 000 0 eng u
040 ## - CATALOGING SOURCE
Transcribing agency
100 1# - MAIN ENTRY--PERSONAL NAME
Personal name Coleman, Robert E.
245 14 - TITLE STATEMENT
Title The heartbeat of evangelism.
260 ## - PUBLICATION, DISTRIBUTION, ETC. (IMPRINT)
Place of publication, distribution, etc Colorado Springs, CO., :
Name of publisher, distributor, etc Navpress
Date of publication, distribution, etc c1985
300 ## - PHYSICAL DESCRIPTION
Extent 37 p. ;
Dimensions 18 cm.
650 ## - SUBJECT ADDED ENTRY--TOPICAL TERM
Topical term or geographic name as entry element Evangelistic Work
942 ## - ADDED ENTRY ELEMENTS (KOHA)
Source of classification or shelving scheme
Koha item type Books
Copies
Date last seen Not for loan Damaged status Koha item type Lost status Barcode Full call number Copy number Permanent Location Withdrawn status Date acquired Source of classification or shelving scheme Price effective from Shelving location
2010-04-14  Books 8353BV 3790 .C581RHEMA Bible Training College 2010-04-14 2010-04-14General Stacks